00655nam a2200181Ia 4500082002800000245010500028260005100133300001300184440004000197650004100237650005000278650001400328650004100342650003100383700001700414700002100431700002100452 a327.09541 SUB- SL1 0aSub-regional relations in the eastern South Asia: with special focus on India's north eastern region aJapanbInstitute of Developing Economiesc2005 avii, 320 aJoint Research Programe Series; 133 aRegional planningvIndia, North East aIndia, North EastvForeign economic relations aEconomics aIndia, North EastvForeign relations aForeign economic relations aInoue, Kyoko aHazarika, Sanjoy aMurayama, Mayumi